Statistics for UK Towns Quiz - Buckinghamshire - Extreme

Click here to take the quiz!

General Stats

  • This quiz has been taken 7 times
  • The average score is 16 of 67

Answer Stats

CluePopulationName of Town% Correct
A87,967Aylesbury
100%
B14,304Buckingham
100%
H83,523High Wycombe
100%
M197,354Milton Keynes
100%
A17,387Amersham
67%
B14,146Beaconsfield
67%
B45,006Bletchley
67%
C23,689Chesham
67%
C4,711Chalfont St Giles
50%
C13,652Chalfont St Peter
50%
D1,483Denham
50%
G8,115Gerrards Cross
50%
L6,504Little Chalfont
50%
M14,644Marlow
50%
M3,340Marlow Bottom
50%
N1,788New Denham
50%
N15,248Newport Pagnell
50%
O6,600Olney
50%
B7,166Bourne End
33%
H20,015Hazlemere
33%
I3,265Iver
33%
I5,157Iver Heath
33%
P7,535Princes Risborough
33%
S2,853Stoke Mandeville
33%
W1,858Waddesdon
33%
A5,509Aston Clinton
17%
F6,719Farnham Common
17%
F12,445Flackwell Heath
17%
L1,472Lavendon
17%
L2,494Long Crendon
17%
P7,600Prestwood
17%
Q1,311Quainton
17%
S4,348Stokenchurch
17%
S3,922Stoke Poges
17%
S2,079Stone
17%
W8,724Wendover
17%
W5,236Winslow
17%
W4,313Woburn Sands
17%
B1,251Bierton
0%
B2,167Broughton
0%
C1,432Calvert
0%
C1,112Castlethorpe
0%
C1,770Cheddington
0%
D2,655Downley
0%
G1,102Great Horwood
0%
G1,673Great Kingshill
0%
H5,606Haddenham
0%
H2,161Hanslope
0%
H1,815Hughenden Valley
0%
H1,046Hyde Heath
0%
L1,133Lacey Green
0%
L3,446Lane End
0%
L1,471Little Kingshill
0%
L1,527Longwick
0%
N3,895Naphill
0%
N1,876Newton Longville
0%
O1,128Oakley
0%
P4,111Pitstone
0%
R1,788Richings Park
0%
S2,581Seer Green
0%
S1,281South Heath
0%
S2,529Steeple Claydon
0%
S1,420Stewkley
0%
S1,155Stoke Hammond
0%
W1,834Weston Turville
0%
W2,980Wing
0%
W1,498Wingrave
0%

Score Distribution

Percentile by Number Answered

Percent of People with Each Score

Your Score History

You have not taken this quiz